Fictional Pirates Quiz Stats

 Plays Quiz Updated Jan 24, 2019

     
Support Sporcle.
Go Orange.
Score 0/10 Timer 03:00
2 Plays Today
Hint Pirate % Correct
Peter Pan (captain)Captain Hook
98.9%
Pirates of the Caribbean (Depp)Captain Jack Sparrow
89.7%
Peter Pan (boatswain)Smee
61.3%
The Princess BrideDread Pirate Roberts
37.1%
Pirates of the Caribbean (Rush)Captain Hector Barbossa
36.2%
Treasure IslandLong John Silver
33.8%
SpongeBob SquarePantsPatchy the Pirate
28.6%
The GooniesOne-eyed Willy
24.1%
Errol Flynn?Captain Blood
6.8%
Douglas Fairbanks or DC ComicThe Black Pirate
3.6%

From the Vault

Candle in the Wind Clicky-oke

by manonthemoon

Music 5m
'If you write great songs with meaning and emotion, they will last forever because songs are the key to everything.' - Sir Elton John
Remove Ads.
Support Sporcle.
Get the best of Sporcle when you Go Orange. This ad-free experience offers more features, more stats, and more fun while also helping to support Sporcle. Thank you for becoming a member.

Show Comments

Extras

Top Quizzes Today


Score Distribution

Your Account Isn't Verified!

In order to create a playlist on Sporcle, you need to verify the email address you used during registration. Go to your Sporcle Settings to finish the process.

Report this User

Report this user for behavior that violates our Community Guidelines.

Details: